Statystyki dla Wymień państwa należące do NATO.

Kliknij tutaj aby rozwiązać quiz!

Ogólne statystyki

  • Ten quiz został rozwiązany 178 razy
  • Średni wynik to 26 z 30

Statystyki odpowiedzi

LiteraPaństwo% Poprawnych
PPolska
98%
FFrancja
97%
HHiszpania
96%
ŁŁotwa
95%
CCzechy
94%
LLitwa
94%
PPortugalia
94%
WWłochy
94%
BBelgia
92%
DDania
92%
EEstonia
92%
NNorwegia
92%
HHolandia
91%
GGrecja
88%
SStany Zjednoczone
88%
NNiemcy
87%
SSłowacja
86%
CChorwacja
84%
KKanada
84%
TTurcja
84%
AAlbania
83%
SSłowenia
83%
WWielka Brytania
82%
IIslandia
79%
LLuksemburg
79%
RRumunia
79%
WWęgry
77%
BBułgaria
76%
MMacedonia Północna
73%
CCzarnogóra
64%

Rozkład punktacji

Percentyl według liczby udzielonych odpowiedzi

Procent ludzi z każdym wynikiem

Twoja historia wyników

Nie rozwiązałeś tego quizu